Tulsian's quick revision for accounting for CA foundation course / (Record no. 170276)

MARC details
000 -LEADER
fixed length control field 00664nam a22002057a 4500
005 - DATE AND TIME OF LATEST TRANSACTION
control field 20191212161708.0
010 ## - LCCN (DPL NO)
LC control number ENG-127107
020 ## - INTERNATIONAL STANDARD BOOK NUMBER
Terms of availability 657.00
International Standard Book Number 9789353167912
035 ## - SYSTEM CONTROL NUMBER
System control number EN-110639
037 ## - SOURCE OF ACQUISITION
Source of stock number/acquisition DBAD/PUB
082 ## - DEWEY DECIMAL CLASSIFICATION NUMBER
Classification number 657
100 ## - MAIN ENTRY--PERSONAL NAME
Personal name Tulsian, P C
245 ## - TITLE STATEMENT
Title Tulsian's quick revision for accounting for CA foundation course /
Statement of responsibility, etc by PC Tulsian [and] Bharat Tulsian
250 ## - EDITION STATEMENT
Edition statement 4th ed.
260 ## - PUBLICATION, DISTRIBUTION, ETC. (IMPRINT)
Place of publication, distribution, etc Chennai
Name of publisher, distributor, etc McGraw Hill Education
Date of publication, distribution, etc 2020
270 ## - ADDRESS
Address 444/1, Sri Ekambara Naicker Industrial Estate
City Porur , Chennai
Postal code 600116
300 ## - PHYSICAL DESCRIPTION
Extent various paging.
Dimensions 22cm(pbk)
700 ## - ADDED ENTRY--PERSONAL NAME
Personal name Tulsian, Bharat
942 ## - ADDED ENTRY ELEMENTS (KOHA)
Source of classification or shelving scheme Dewey Decimal Classification
Item type English Books
Classification part 657
Call number suffix TUL
Holdings
Withdrawn status Lost status Not for loan Collection code Home library Current library Date acquired Source of acquisition Cost, normal purchase price Full call number Barcode Copy number Cost, replacement price Koha item type
      Non-fiction Bawana Bawana 12/12/2019 DBAD/PUB 975.00 657 TUL EN-110639 1 975.00 English Books

© Delhi Public Library
Hit Counter
free hit counter